000 00658nam a2200217Ia 4500
005 20260116143252.0
008 210716s2009 xx 000 0 und d
020 _a9788173194771
040 _cAIMIT LIBRARY
041 _aeng
082 _a006.6
_21
_bRAJA
100 _aRajaraman, A.
_9251476
245 _aComputer graphics with multimedia /
_cBy A Rajaraman.
250 _a1st ed.
260 _aNew Delhi :
_bNarosa Publishing House ,
_c2009.
300 _ax,116p. ;
_bPB
_c24.7 cm
650 _aNeed forcomputer graphics
_9251477
650 _aGraphics devices
_9251478
650 _aMultimedia systems
_9251479
942 _2ddc
_cBK
_e1st
_k006.6 RAJA
999 _c194730
_d194730